00839nam a22002057a 450000500170000000800410001702000150005804000070007304100120008008200230009210000170011524500680013226000430020030000290024352002590027265000240053165000310055565000280058670000190061420230715112607.0230715b ||||| |||| 00| 0 eng d a8188251119 cAL aEnglish 223a320.0954bMUTS aC B Muthamma aSlain by the System Indias Real Crisis: A Collection of Essays  aNew DelhibThe Viveka Foundationc2003 axv,310 p.bPBc21x13 cm. aThis volume is not just the most severe indictment of the Indian political system, but a solution to it. For those concerned about being citizens of what, many believe, is a rudderless India, the book is an overreaching source of wisdom and even comfort. aPolitical sociology aPolitical and social views aPolitics and government aMUTHAMMA (C B)